[Event "3rd Sat Djenovici Nov GM"]
[Site "Djenovici MNE"]
[Date "2017.11.22"]
[Round "5.4"]
[White "Kumar, Nikhil"]
[Black "Nikcevic, Nebojsa"]
[Result "0-1"]
[WhiteTitle "FM"]
[BlackTitle "GM"]
[WhiteElo "2274"]
[BlackElo "2423"]
[WhiteFideId "30909040"]
[BlackFideId "901776"]
[EventDate "2017.11.18"]

1. d4 Nf6 2. c4 e6 3. Nc3 Bb4 4. e3 O-O 5. Bd3 b6 6. Bd2 Bb7 7. Nf3 d5 8. cxd5
exd5 9. O-O Bd6 10. Rc1 a6 11. Ne5 c5 12. f4 Ne4 13. Nxe4 dxe4 14. Bc4 b5 15.
Nxf7 Rxf7 16. Bxf7+ Kxf7 17. dxc5 Bf8 18. f5 Bd5 19. Qh5+ Kg8 20. Bc3 b4 21.
Bxb4 Nc6 22. Bc3 Bxa2 23. Rcd1 Qe8 24. Qg5 Ne5 25. Qg3 Nd3 26. Qg5 Qf7 27. h4
Rc8 28. b4 a5 29. f6 g6 30. Qg4 Re8 31. Ra1 axb4 32. Bd4 b3 33. c6 Bd6 34. Bb6
b2 35. Rad1 b1=Q 36. Rxb1 Bxb1 37. Rxb1 Qxf6 38. c7 Qf5 39. Qxf5 gxf5 40. Rb5
Rc8 41. Rxf5 Bxc7 42. Rg5+ Kf7 43. Bd4 Bd6 44. Rg7+ Ke6 45. g3 Rc1+ 46. Kg2 Rc2+
47. Kg1 Ne1 48. Kf1 Nf3 49. h5 Bb4 50. Rb7 Be1 51. Rb2 Nxd4 52. Rb6+ Rc6 53.
Rxc6+ Nxc6 54. Kxe1 Kf5 0-1

[Event "3rd Sat Djenovici Nov GM"]
[Site "Djenovici MNE"]
[Date "2017.11.22"]
[Round "5.5"]
[White "Golubov, Saveliy"]
[Black "Vardan, Nagpal"]
[Result "1-0"]
[WhiteTitle "IM"]
[BlackTitle "FM"]
[WhiteElo "2501"]
[BlackElo "2510"]
[WhiteFideId "24176729"]
[BlackFideId "25089544"]
[EventDate "2017.11.18"]

1. d4 d5 2. c4 e6 3. Nf3 c6 4. e3 Nf6 5. b3 Ne4 6. Bd3 Bb4+ 7. Nbd2 f5 8. Bb2
O-O 9. a3 Bd6 10. O-O Nd7 11. Ne5 Nxd2 12. Qxd2 Nxe5 13. dxe5 Be7 14. Qc2 Bd7
15. b4 b5 16. cxb5 cxb5 17. Bd4 Qb8 18. Qc3 Rc8 19. Bc5 Bxc5 20. bxc5 Qc7 21.
Rfc1 Bc6 22. Qd4 Rab8 23. Rab1 g6 24. h3 Qe7 25. Rc2 Rc7 26. Kh2 a6 27. Rb4 Rbc8
28. Rb1 Be8 29. Rbc1 Bc6 30. f3 Qg7 31. g4 fxg4 32. hxg4 Be8 33. Kg3 Kh8 34. f4
Qf8 35. Be2 Qg7 36. Kf2 Qf8 37. Ke1 Qg7 38. Kd2 Qf8 39. Bd3 a5 40. Qc3 Ra8 41.
Rb2 Rac8 42. Qxa5 Rxc5 43. Rxc5 Rxc5 44. Qd8 Kg7 45. a4 b4 46. g5 Kg8 47. Qb6 d4
48. Rxb4 dxe3+ 49. Kxe3 Rc6 50. Qd4 Qe7 51. Rb8 Kg7 52. Qd8 Qa7+ 53. Ke2 1-0

[Event "3rd Sat Djenovici Nov GM"]
[Site "Djenovici MNE"]
[Date "2017.11.23"]
[Round "6.1"]
[White "Okuyaz, Duru"]
[Black "Vardan, Nagpal"]
[Result "1/2-1/2"]
[WhiteTitle "WFM"]
[BlackTitle "FM"]
[WhiteElo "2238"]
[BlackElo "2510"]
[WhiteFideId "6346022"]
[BlackFideId "25089544"]
[EventDate "2017.11.18"]

1. e4 e5 2. Nf3 Nc6 3. Bb5 a6 4. Ba4 Nf6 5. O-O Nxe4 6. Re1 Nc5 7. Nc3 Nxa4 8.
Nxe5 Be7 9. Nd5 O-O 10. Nxc6 dxc6 11. Nxe7+ Kh8 12. Qh5 Nb6 13. Re4 Qd6 14. d4
Nd5 15. Nxd5 cxd5 16. Re5 c6 17. c3 f6 18. Re2 Bd7 19. Qf3 Rfe8 20. Bf4 Qf8 21.
Rae1 Kg8 22. h4 Rxe2 23. Rxe2 Re8 24. h5 Rxe2 25. Qxe2 Qe8 26. Qf3 Qe6 27. h6 g6
28. Bg3 Qf5 29. Qe3 Qe4 30. Qd2 g5 31. f3 Qe7 32. Qf2 Bf5 33. Bb8 Kf7 34. Qg3
Kg6 35. Bd6 Qe8 36. Bc5 Kxh6 37. Kf2 Kg6 38. Qc7 Qd7 39. Qb8 h5 40. Qg8+ Qg7 41.
Qe8+ Qf7 42. Qd8 h4 43. Qe7 Qxe7 44. Bxe7 Bb1 45. a4 f5 46. f4 gxf4 47. Bxh4 Kh5
48. Bd8 Kg4 49. a5 Bc2 50. Bc7 Ba4 51. Bd6 Bd1 52. Be5 f3 53. gxf3+ Bxf3 54. Ke3
Be4 55. Bd6 Bb1 56. b4 1/2-1/2

[Event "3rd Sat Djenovici Nov GM"]
[Site "Djenovici MNE"]
[Date "2017.11.23"]
[Round "6.2"]
[White "Nikcevic, Nebojsa"]
[Black "Golubov, Saveliy"]
[Result "1/2-1/2"]
[WhiteTitle "GM"]
[BlackTitle "IM"]
[WhiteElo "2423"]
[BlackElo "2501"]
[WhiteFideId "901776"]
[BlackFideId "24176729"]
[EventDate "2017.11.18"]

1. d4 Nf6 2. Nf3 e6 3. c4 d5 4. e3 c6 5. Nbd2 Nbd7 6. Bd3 Bd6 7. e4 dxe4 8. Nxe4
Nxe4 9. Bxe4 Bb4+ 10. Bd2 Bxd2+ 11. Qxd2 Qc7 12. O-O O-O 13. Rfe1 Nf6 14. Bc2
Rd8 15. Re5 b6 16. Qc3 Bb7 17. c5 Qe7 18. Rc1 Rd5 19. Bb3 Rxe5 20. Nxe5 Nd7 21.
Ba4 Nxe5 22. dxe5 Rd8 23. g3 Rd5 24. b4 a5 25. a3 axb4 26. axb4 bxc5 27. bxc5
Qc7 28. Rb1 h5 29. Bc2 Ba6 30. Ra1 Bb5 31. Be4 Rd8 32. Bf3 g6 33. Rd1 Rxd1+ 34.
Bxd1 Qa7 35. Qd4 Qa5 36. h4 Qa3 1/2-1/2

[Event "3rd Sat Djenovici Nov GM"]
[Site "Djenovici MNE"]
[Date "2017.11.23"]
[Round "6.3"]
[White "Saptarshi, Roy"]
[Black "Kumar, Nikhil"]
[Result "1-0"]
[WhiteTitle "IM"]
[BlackTitle "FM"]
[WhiteElo "2449"]
[BlackElo "2274"]
[WhiteFideId "5008980"]
[BlackFideId "30909040"]
[EventDate "2017.11.18"]

1. e4 c6 2. d4 d5 3. Nc3 dxe4 4. Nxe4 Bf5 5. Ng3 Bg6 6. h4 h6 7. Nf3 e6 8. h5
Bh7 9. Bd3 Bxd3 10. Qxd3 Nf6 11. Bd2 c5 12. O-O-O Nc6 13. Bc3 Qd5 14. dxc5 Qxd3
15. Rxd3 Bxc5 16. Bxf6 gxf6 17. Ne4 Be7 18. Rhd1 Rd8 19. Rxd8+ Bxd8 20. c4 Ke7
21. a3 Rg8 22. g3 Rg4 23. Nd6 Bc7 24. Nh2 Rg5 25. Nxb7 Rxh5 26. Nf1 Rh1 27. b3
f5 28. c5 Nd4 29. b4 f4 30. g4 f3 31. a4 Bf4+ 32. Kb1 Be5 33. Na5 Rg1 34. Nc4
Ne2 35. Kc2 Bd4 36. c6 Rxg4 37. Nh2 Rg1 38. Nxf3 Rxd1 39. Kxd1 Nc3+ 40. Kc2 Bg7
41. c7 Kd7 42. Nfe5+ Kxc7 43. Kxc3 h5 44. Kd3 h4 45. Ke2 h3 46. Kf3 f6 47. Ng4
Kc6 48. Kg3 Bf8 49. Na5+ Kb6 50. Nxf6 Bxb4 51. Nb3 Be1 52. Ng4 Kc6 53. Kxh3 Kd5
54. Ne3+ Ke4 55. Kg2 Kd3 56. Kf1 Bb4 57. Nc1+ Kd2 58. Ne2 Bc5 59. Nc4+ Kc2 60.
Na5 Bb6 61. Nc6 a5 62. Ned4+ Kb2 63. Nxe6 Ka3 64. f4 Kxa4 65. f5 Be3 66. Ke2 Bc1
67. Ned4 Ka3 68. Kd3 a4 69. Kc2 Bh6 70. Nb5+ Ka2 71. Nb4+ Ka1 72. Nc3 Bf8 73.
Nd3 Bg7 74. Nc1 Bf8 75. f6 Bd6 76. f7 Bf8 77. Nxa4 Bh6 78. Nc5 Bxc1 79. f8=Q 1-0

[Event "3rd Sat Djenovici Nov GM"]
[Site "Djenovici MNE"]
[Date "2017.11.23"]
[Round "6.4"]
[White "Pikula, Dejan"]
[Black "Can, Isik"]
[Result "1-0"]
[WhiteTitle "GM"]
[BlackTitle "FM"]
[WhiteElo "2457"]
[BlackElo "2265"]
[WhiteFideId "906379"]
[BlackFideId "6383742"]
[EventDate "2017.11.18"]

1. e4 c6 2. Nc3 d5 3. Nf3 Nf6 4. e5 Ne4 5. Ne2 Qb6 6. d4 e6 7. Ng3 c5 8. Bd3
Nxg3 9. hxg3 cxd4 10. Ng5 Qc7 11. Bf4 h6 12. Nf3 Nc6 13. a3 g5 14. Bxg5 hxg5 15.
Rxh8 g4 16. Rxf8+ Kxf8 17. Nh4 Qxe5+ 18. Kf1 Qg7 19. Bb5 a6 20. Bxc6 bxc6 21.
Qd2 a5 22. Re1 Qf6 23. Kg1 e5 24. c3 c5 25. cxd4 exd4 26. f4 Bb7 27. Re5 Re8 28.
Qxa5 Rxe5 29. fxe5 Qxe5 30. Qxc5+ Kg8 31. Qb4 Ba6 32. Kh2 Qe4 33. Qb8+ Kg7 34.
Qd8 Qe5 35. Qb6 Bd3 36. a4 Be4 37. a5 d3 38. Qf2 Qf6 39. Qe3 Qh6 40. Qf2 Qf6 41.
Kg1 Qg5 42. a6 Qc1+ 43. Kh2 d2 44. Qd4+ Kh7 45. a7 d1=Q 46. Qxd1 Qxd1 47. a8=Q
Qd4 48. Qb7 Qg7 49. b4 f5 50. Qc8 Qf7 51. b5 d4 52. b6 d3 53. Qd8 Bd5 54. Qg5
Be4 55. Qf4 Qd7 56. Qc7 Qg7 57. Qd6 Qh6 58. Qd7+ Qg7 59. Qd8 Qf7 60. Kg1 Qg7 61.
Qd6 Qa1+ 62. Kh2 Qg7 63. Qe6 Qh6 64. Qf7+ Qg7 65. Qe8 Qh6 66. b7 Bxb7 67. Qd7+
Qg7 68. Qxf5+ Kg8 69. Qxd3 Qf7 70. Nf5 Qf6 71. Qc4+ Kf8 72. Qb4+ Kg8 73. Qxg4+
Kh7 74. Qh5+ Kg8 75. Qe8+ Qf8 76. Qg6+ Kh8 77. Nd6 1-0

[Event "3rd Sat Djenovici Nov GM"]
[Site "Djenovici MNE"]
[Date "2017.11.23"]
[Round "6.5"]
[White "Pavlovic, Milos"]
[Black "Bick, Gabriel"]
[Result "1-0"]
[WhiteTitle "GM"]
[WhiteElo "2472"]
[BlackElo "2399"]
[WhiteFideId "900389"]
[BlackFideId "2084058"]
[EventDate "2017.11.18"]

1. d4 d5 2. Nf3 Nf6 3. c4 e6 4. Bg5 Be7 5. e3 Nbd7 6. Nbd2 h6 7. Bxf6 Nxf6 8. c5
Nd7 9. Bd3 c6 10. O-O f5 11. b4 Qc7 12. b5 O-O 13. Qc2 g6 14. Rab1 Bf6 15. Kh1
Re8 16. Rg1 Nf8 17. Qc3 g5 18. Ne5 Bxe5 19. dxe5 Ng6 20. f4 gxf4 21. Nf3 h5 22.
exf4 Nxf4 23. Bf1 Qg7 24. bxc6 bxc6 25. Nh4 Bd7 26. Qg3 Qg4 27. Rb4 d4 28. Qf2
Nd5 29. Rxd4 Qg7 30. Be2 Qxe5 31. Bxh5 Reb8 32. Nf3 Qg7 33. Re1 Rb5 34. Ne5 Be8
35. Bxe8 Rxe8 36. Rd3 f4 37. g3 Rf8 38. gxf4 Rxf4 39. Rf3 Qf6 40. Rg1+ Kh8 41.
Rh3+ 1-0

[Event "3rd Sat Djenovici Nov GM"]
[Site "Djenovici MNE"]
[Date "2017.11.24"]
[Round "7.1"]
[White "Bick, Gabriel"]
[Black "Okuyaz, Duru"]
[Result "1-0"]
[BlackTitle "WFM"]
[WhiteElo "2399"]
[BlackElo "2238"]
[WhiteFideId "2084058"]
[BlackFideId "6346022"]
[EventDate "2017.11.18"]

1. e4 c6 2. d4 d5 3. e5 Bf5 4. g4 Be4 5. f3 Bg6 6. e6 Qd6 7. exf7+ Bxf7 8. f4
Nf6 9. Nc3 g6 10. Bh3 Bg7 11. Nf3 O-O 12. Be3 b5 13. Ne5 b4 14. Ne2 Ne4 15. Ng3
Nd7 16. Bg2 Nxg3 17. hxg3 Nxe5 18. dxe5 Bxe5 19. fxe5 Qxe5 20. Qe2 Qxg3+ 21. Qf2
Qxf2+ 22. Kxf2 e5 23. Bc5 Rfe8 24. Rae1 a5 25. Re3 g5 26. Rhe1 e4 27. a3 bxa3
28. Rxa3 Rab8 29. b3 Rb5 30. Bd4 Be6 31. Kg3 Rf8 32. Rf1 c5 33. Rxf8+ Kxf8 34.
Bf1 c4 35. Bc3 Rb7 36. bxc4 dxc4 37. Rxa5 Rb1 38. Bg2 Rc1 39. Bxe4 Rg1+ 40. Bg2
Bxg4 41. Bd4 Rc1 42. Kxg4 Rxc2 43. Bd5 Rd2 44. Bf6 Ke8 45. Be6 h5+ 46. Kxh5 1-0

[Event "3rd Sat Djenovici Nov GM"]
[Site "Djenovici MNE"]
[Date "2017.11.24"]
[Round "7.2"]
[White "Can, Isik"]
[Black "Pavlovic, Milos"]
[Result "0-1"]
[WhiteTitle "FM"]
[BlackTitle "GM"]
[WhiteElo "2265"]
[BlackElo "2472"]
[WhiteFideId "6383742"]
[BlackFideId "900389"]
[EventDate "2017.11.18"]

1. e4 c5 2. Nf3 e6 3. d4 cxd4 4. Nxd4 a6 5. c4 d6 6. Nc3 Nf6 7. Be2 Be7 8. O-O
O-O 9. f4 Nc6 10. Be3 Bd7 11. Nc2 Rb8 12. g4 h6 13. h4 Nh7 14. g5 hxg5 15. hxg5
e5 16. Nd5 exf4 17. Bb6 Qe8 18. Bc7 Nxg5 19. Bxb8 Qxb8 20. Nxf4 Bf6 21. Rb1 d5
22. exd5 Nh3+ 23. Kh1 Nxf4 24. Bg4 Be8 25. d6 Be5 26. d7 Qd8 27. dxe8=Q Qh4+ 0-1

[Event "3rd Sat Djenovici Nov GM"]
[Site "Djenovici MNE"]
[Date "2017.11.24"]
[Round "7.3"]
[White "Kumar, Nikhil"]
[Black "Pikula, Dejan"]
[Result "0-1"]
[WhiteTitle "FM"]
[BlackTitle "GM"]
[WhiteElo "2274"]
[BlackElo "2457"]
[WhiteFideId "30909040"]
[BlackFideId "906379"]
[EventDate "2017.11.18"]

1. d4 Nf6 2. c4 e6 3. Nc3 Bb4 4. e3 O-O 5. Bd3 d5 6. Nf3 dxc4 7. Bxc4 c5 8. O-O
Nc6 9. Bd3 cxd4 10. exd4 Ne7 11. Bg5 Ned5 12. Ne4 Be7 13. Qe2 h6 14. Bh4 Nf4 15.
Nxf6+ Bxf6 16. Qe4 Nxd3 17. Bxf6 Qxf6 18. Qxd3 b6 19. Rac1 Bb7 20. Ne5 Rac8 21.
Rc3 Rfd8 22. Qe3 Qf5 23. Rfc1 Rxc3 24. bxc3 f6 25. g4 Qh7 26. Nc6 Re8 27. Nxa7
h5 28. f3 Qg6 29. h3 e5 30. Re1 hxg4 31. hxg4 Ra8 32. dxe5 fxe5 33. Nb5 e4 34.
Nd4 exf3 35. Qf4 Qd3 36. Nf5 Rxa2 37. Nh6+ Kh7 38. Qf5+ Qxf5 39. Nxf5 f2+ 0-1

[Event "3rd Sat Djenovici Nov GM"]
[Site "Djenovici MNE"]
[Date "2017.11.24"]
[Round "7.4"]
[White "Golubov, Saveliy"]
[Black "Saptarshi, Roy"]
[Result "1/2-1/2"]
[WhiteTitle "IM"]
[BlackTitle "IM"]
[WhiteElo "2501"]
[BlackElo "2449"]
[WhiteFideId "24176729"]
[BlackFideId "5008980"]
[EventDate "2017.11.18"]

1. d4 d5 2. Bf4 Nf6 3. e3 e6 4. Nd2 c5 5. c3 Nc6 6. Bd3 Bd6 7. Bg3 e5 8. dxc5
Bxc5 9. e4 O-O 10. Ngf3 Bg4 11. Qc2 dxe4 12. Nxe4 Nxe4 13. Bxe4 f5 14. Bxc6 bxc6
15. Nxe5 f4 16. Nxg4 Qg5 17. f3 fxg3 18. hxg3 Rae8+ 19. Kf1 Rf5 20. Re1 Rxe1+
21. Kxe1 h5 22. Nf2 Qe3+ 23. Qe2 Qc1+ 24. Qd1 Re5+ 25. Ne4 Rxe4+ 26. fxe4 Qe3+
27. Qe2 Qc1+ 28. Qd1 1/2-1/2

[Event "3rd Sat Djenovici Nov GM"]
[Site "Djenovici MNE"]
[Date "2017.11.24"]
[Round "7.5"]
[White "Vardan, Nagpal"]
[Black "Nikcevic, Nebojsa"]
[Result "1/2-1/2"]
[WhiteTitle "FM"]
[BlackTitle "GM"]
[WhiteElo "2510"]
[BlackElo "2423"]
[WhiteFideId "25089544"]
[BlackFideId "901776"]
[EventDate "2017.11.18"]

1. d4 d5 2. Nf3 Nf6 3. c4 c6 4. e3 e6 5. b3 Bb4+ 6. Nbd2 O-O 7. Bd3 Nbd7 8. Bb2
Qe7 9. O-O Ba3 10. Qc2 Bxb2 1/2-1/2

[Event "3rd Sat Djenovici Nov GM"]
[Site "Djenovici MNE"]
[Date "2017.11.25"]
[Round "8.1"]
[White "Okuyaz, Duru"]
[Black "Nikcevic, Nebojsa"]
[Result "0-1"]
[WhiteTitle "WFM"]
[BlackTitle "GM"]
[WhiteElo "2238"]
[BlackElo "2423"]
[WhiteFideId "6346022"]
[BlackFideId "901776"]
[EventDate "2017.11.18"]

1. e4 e5 2. Nf3 Nc6 3. Bb5 a6 4. Ba4 Nf6 5. O-O b5 6. Bb3 d6 7. Ng5 d5 8. exd5
Nd4 9. d6 Nxb3 10. dxc7 Qxc7 11. axb3 h6 12. Nf3 e4 13. Nd4 Ng4 14. f4 Bc5 15.
c3 Qd6 16. Qe2 Bxd4+ 17. cxd4 Qxd4+ 18. Kh1 O-O 19. f5 Qd3 20. Qxd3 exd3 21. b4
Re8 22. Nc3 Bb7 23. h3 Nf6 24. Kh2 Rac8 25. b3 Ne4 26. Nd1 Rc2 27. Re1 Rec8 28.
Ne3 Nxd2 29. Nxc2 Nxb3 30. Ra2 dxc2 31. Ra3 Nxc1 32. Rxc1 Rc4 33. Rb3 Kf8 34.
Kg3 Ke7 35. Kf2 Kf6 36. Rb2 Be4 37. Rb3 Kxf5 38. g3 Ke5 39. Ke2 f5 40. h4 Kd5
41. Kd2 Rd4+ 42. Kc3 Rd3+ 43. Kb2 Rxb3+ 44. Kxb3 Kd4 45. Kb2 Ke3 46. Ra1 Kd2 47.
h5 Bf3 48. Rf1 Bxh5 49. Rf2+ Be2 50. Rxe2+ Kxe2 51. Kxc2 g5 0-1

[Event "3rd Sat Djenovici Nov GM"]
[Site "Djenovici MNE"]
[Date "2017.11.25"]
[Round "8.2"]
[White "Saptarshi, Roy"]
[Black "Vardan, Nagpal"]
[Result "1-0"]
[WhiteTitle "IM"]
[BlackTitle "FM"]
[WhiteElo "2449"]
[BlackElo "2510"]
[WhiteFideId "5008980"]
[BlackFideId "25089544"]
[EventDate "2017.11.18"]

1. e4 c6 2. d4 d5 3. f3 e6 4. Nc3 Bb4 5. Ne2 dxe4 6. fxe4 Qh4+ 7. Ng3 e5 8. Be3
Nf6 9. Bd3 Ng4 10. Qd2 exd4 11. Bxd4 O-O 12. Qf4 Rd8 13. Bc4 Be6 14. O-O-O Bxc4
15. Nf5 Qh5 16. h3 Nf6 17. Bxf6 Rxd1+ 18. Rxd1 gxf6 19. Rd8+ Bf8 20. Rxf8+ Kxf8
21. Qd6+ 1-0

[Event "3rd Sat Djenovici Nov GM"]
[Site "Djenovici MNE"]
[Date "2017.11.25"]
[Round "8.3"]
[White "Pikula, Dejan"]
[Black "Golubov, Saveliy"]
[Result "1/2-1/2"]
[WhiteTitle "GM"]
[BlackTitle "IM"]
[WhiteElo "2457"]
[BlackElo "2501"]
[WhiteFideId "906379"]
[BlackFideId "24176729"]
[EventDate "2017.11.18"]

1. d4 Nf6 2. Bf4 d5 3. e3 c5 4. c3 Nc6 5. Nd2 cxd4 6. exd4 Bf5 7. Qb3 Qc8 8.
Ngf3 e6 9. Nh4 Be4 10. Nxe4 dxe4 11. g3 Be7 12. Ng2 O-O 13. Be2 h6 14. O-O 1/2-1/2

[Event "3rd Sat Djenovici Nov GM"]
[Site "Djenovici MNE"]
[Date "2017.11.25"]
[Round "8.4"]
[White "Pavlovic, Milos"]
[Black "Kumar, Nikhil"]
[Result "0-1"]
[WhiteTitle "GM"]
[BlackTitle "FM"]
[WhiteElo "2472"]
[BlackElo "2274"]
[WhiteFideId "900389"]
[BlackFideId "30909040"]
[EventDate "2017.11.18"]

1. Nf3 d5 2. e3 Nf6 3. b3 Bf5 4. Be2 e6 5. Nh4 Bg6 6. Bb2 Bd6 7. d3 c5 8. O-O
Nc6 9. Nd2 O-O 10. f4 Ng4 11. Bxg4 Qxh4 12. e4 h5 13. exd5 exd5 14. Bd7 Bxf4 15.
g3 Be3+ 16. Kg2 Qd8 17. Bxc6 bxc6 18. Nf3 Qd6 19. Qe1 d4 20. Qa5 Bf5 21. Bxd4
Bxd4 22. Nxd4 Qxd4 23. Rxf5 Qxa1 24. Qxc5 Rae8 0-1

[Event "3rd Sat Djenovici Nov GM"]
[Site "Djenovici MNE"]
[Date "2017.11.25"]
[Round "8.5"]
[White "Bick, Gabriel"]
[Black "Can, Isik"]
[Result "0-1"]
[BlackTitle "FM"]
[WhiteElo "2399"]
[BlackElo "2265"]
[WhiteFideId "2084058"]
[BlackFideId "6383742"]
[EventDate "2017.11.18"]

1. e4 c6 2. d4 d5 3. exd5 cxd5 4. Bf4 Nc6 5. c3 Bf5 6. Nd2 e6 7. Qb3 Qd7 8. Ngf3
Nge7 9. h3 Ng6 10. Bh2 h5 11. Be2 Bd6 12. Bxd6 Qxd6 13. Nf1 Nf4 14. Ne3 Be4 15.
Qd1 O-O-O 16. Bb5 a6 17. Bf1 Rhe8 18. Ng5 Bg6 19. Qd2 e5 20. Nf3 exd4 21. Nxd4
Nxd4 22. cxd4 h4 23. Be2 Be4 24. O-O Qg6 25. f3 Bf5 26. Rfc1+ Kb8 27. Bf1 Bxh3
28. Ng4 Qg5 29. Ne5 Bxg2 30. Nc6+ bxc6 31. Qb4+ Ka8 0-1

[Event "3rd Sat Djenovici Nov GM"]
[Site "Djenovici MNE"]
[Date "2017.11.26"]
[Round "9.1"]
[White "Can, Isik"]
[Black "Okuyaz, Duru"]
[Result "1-0"]
[WhiteTitle "FM"]
[BlackTitle "WFM"]
[WhiteElo "2265"]
[BlackElo "2238"]
[WhiteFideId "6383742"]
[BlackFideId "6346022"]
[EventDate "2017.11.18"]

1. e4 e6 2. d4 d5 3. Nc3 Nf6 4. Bg5 dxe4 5. Nxe4 Be7 6. Bxf6 gxf6 7. Nf3 a6 8.
g3 f5 9. Nc3 b5 10. Bg2 Bb7 11. O-O O-O 12. Ne5 Bxg2 13. Kxg2 Ra7 14. Re1 Qd6
15. Qh5 Nd7 16. Nxd7 Qxd7 17. Rad1 c6 18. Kg1 Kh8 19. Ne2 Bd6 20. Nc1 Qe7 21.
Nd3 Qf6 22. c3 Rg8 23. Qf3 Rc7 24. a4 c5 25. dxc5 Bxc5 26. axb5 axb5 27. Re5 Rd8
28. Rxc5 Rxd3 29. Rxd3 Rxc5 30. Qa8+ Kg7 31. Rd8 Qe7 32. Rh8 Qd6 33. Qg8+ Kf6
34. Rxh7 Qd1+ 35. Kg2 Qd5+ 36. Kh3 Ke5 37. Qxf7 Qe4 38. Qg7+ Kd5 39. Qd7+ Ke5
40. f4+ 1-0

[Event "3rd Sat Djenovici Nov GM"]
[Site "Djenovici MNE"]
[Date "2017.11.26"]
[Round "9.2"]
[White "Kumar, Nikhil"]
[Black "Bick, Gabriel"]
[Result "1-0"]
[WhiteTitle "FM"]
[WhiteElo "2274"]
[BlackElo "2399"]
[WhiteFideId "30909040"]
[BlackFideId "2084058"]
[EventDate "2017.11.18"]

1. d4 Nf6 2. c4 g6 3. Nc3 Bg7 4. e4 d6 5. Be2 O-O 6. Nf3 e5 7. d5 a5 8. Bg5 h6
9. Be3 Ng4 10. Bc1 f5 11. exf5 gxf5 12. g3 e4 13. Nh4 Nd7 14. O-O Nc5 15. Ng6
Rf7 16. Nb5 Ne5 17. Nf4 a4 18. Rb1 Bd7 19. Be3 a3 20. b3 Bh8 21. Nd4 Qf6 22. Qc2
Re8 23. Bh5 Rg7 24. Bxe8 Bxe8 25. f3 Re7 26. b4 Ba4 27. Qe2 exf3 28. Nxf3 Ng4
29. bxc5 Nxe3 30. Rfe1 Re8 31. Qd3 Bc2 32. Qxc2 Nxc2 33. Rxe8+ Kf7 34. Re6 Qc3
35. Rxb7 Bg7 36. Rxc7+ Kg8 37. Re8+ Kh7 38. Ree7 Qa1+ 39. Kf2 1-0

[Event "3rd Sat Djenovici Nov GM"]
[Site "Djenovici MNE"]
[Date "2017.11.26"]
[Round "9.3"]
[White "Golubov, Saveliy"]
[Black "Pavlovic, Milos"]
[Result "1/2-1/2"]
[WhiteTitle "IM"]
[BlackTitle "GM"]
[WhiteElo "2501"]
[BlackElo "2472"]
[WhiteFideId "24176729"]
[BlackFideId "900389"]
[EventDate "2017.11.18"]

1. e4 c5 2. Nf3 Nc6 3. c3 Nf6 4. Bd3 e5 5. O-O Be7 6. Re1 O-O 7. Bc2 d5 8. d3
dxe4 9. dxe4 Qc7 10. Nbd2 Be6 11. h3 Rad8 12. Nh2 g6 13. Qf3 Nh5 14. Ndf1 Nf4
15. Ng3 Na5 16. Ne2 Nxe2+ 17. Rxe2 Rd6 18. b3 b5 19. Ng4 Bxg4 20. hxg4 Nc6 21.
Rd2 b4 22. Rxd6 Qxd6 23. Bh6 Rd8 24. Rd1 Qe6 25. Rxd8+ Bxd8 26. Bd2 Ba5 27. cxb4
Nd4 28. Qd1 Bxb4 29. Bh6 Qa6 30. a4 c4 31. bxc4 Qxc4 32. Bd3 Qc3 33. Qc1 Qxc1+
34. Bxc1 Kf8 35. Be3 Ke7 36. Bc4 a5 37. g3 f6 38. g5 Nf3+ 39. Kg2 Nxg5 40. Bxg5
fxg5 1/2-1/2